Visualizzazione normale
Vista MARC
- Burstow
di Personal Name
Records bibliografici associati: 1
001 - CONTROL NUMBER
- control field: 15490
003 - CONTROL NUMBER IDENTIFIER
- control field: IT-RoPau
005 - DATE AND TIME OF LATEST TRANSACTION
- control field: 20140310174034.0
008 - FIXED-LENGTH DATA ELEMENTS
- fixed length control field: 140310|| aca||aabn | a|a d
040 ## - CATALOGING SOURCE
- Original cataloging agency: IT-RoPau
- Transcribing agency: IT-RoPau
100 ## - HEADING--PERSONAL NAME
- Personal name: Burstow
- Dates associated with a name: Codice autore SPICS: 15938
- Relator term: Autore
- Name of part/section of a work: Locomotive
670 ## - SOURCE DATA FOUND
- Source citation: Work cat.: (IT-RoPau)100053: AA.VV. 794, Phenomena